000 01597nam0a22003131 4500
001 rc\4544771
005 20250612113449.0
021 _aRU
_b[59-37940]
035 _a(NLR Aleph) 008637729
090 _a8922733
_c8922733
100 _a20130416d1959 |||y0rusy50 ca
101 0 _arus
102 _aRU
105 _aa z |||||
200 1 _aСтенды и методика снятия характеристик гидравлических регуляторов
_fГос. науч.-техн. ком-т Совета Министров СССР. Акад. наук СССР. Филиал Всесоюз. ин-та науч. и техн. информации
210 _aМосква
_cБ. и.
_d1959
215 _a15 с.
_cил.
_d25
225 1 _aПередовой научно-технический и производственный опыт
_vТема 24
_iТеплосиловые установки и тепловые сети
_v№ Э-59-46/12
300 _aПеред загл авт.: Б.Д. Кошарский, Ю.А. Шлиозберг, М.А. Ястребенецкий
606 _aРегуляторы гидравлические
_xИспытание
_2psbo
606 _aИспытательные установки
_2psbo
700 1 _aКошарский
_bБ.Д.
_gБорис Давидович
701 1 _aЯстребенецкий
_bМ.А.
_gМихаил Анисимович
701 1 _aШлиозберг
_bЮ.А.
_gЮрий Абрамович
801 0 _aRU
_bNLR
_gpsbo
801 1 _aRU
_bELAR
_2rusmarc
852 _aNLR
_jП11/1539
942 _cBOOK
980 _aNB